header

WebSphere Application Server-Express V5.0.2 administrator handbook (Record no. 106713)

MARC details
000 -LEADER
fixed length control field 01415nam a2200361Ia 4500
082 04 - DEWEY DECIMAL CLASSIFICATION NUMBER
Classification number 005.1
100 1# - MAIN ENTRY--AUTHOR NAME
Personal name Sadtler, Carla.
245 10 - TITLE STATEMENT
Title WebSphere Application Server-Express V5.0.2 administrator handbook
250 ## - EDITION STATEMENT
Edition statement 2nd ed.
260 ## - PUBLICATION, DISTRIBUTION, ETC. (IMPRINT)
Place of publication [S.l.] :
Name of publisher IBM, International Technical Support Organization,
Year of publication c2003.
300 ## - PHYSICAL DESCRIPTION
Number of Pages xii, 310 p. :
Other physical details ill.
490 1# - SERIES STATEMENT
Series statement IBM redbooks
500 ## - GENERAL NOTE
General note "September 2003."
650 #0 - SUBJECT ADDED ENTRY--TOPICAL TERM
Topical Term Application software.
856 40 - ELECTRONIC LOCATION AND ACCESS
Uniform Resource Identifier http://site.ebrary.com/lib/rucke/Doc?id=10113009

No items available.

© 2026 Rongo University
Contact us: librarian | system librarian | Rongo university